Jak efektivně prodávat finanční produkty v multikanálovém prostředí

Multikanálové prostredie ako príležitosť pre dosiahnutie vyššieho zisku firmy. Využitie analýzy správania a očakávania spotrebiteľov a vzájomného prepojenia daných údajov s rôznymi informačnými kanálmi. Princípy, ktoré napomáhajú danej stratégii. Využitie umelej inteligencie pre efektívne zacielenie...

Ausführliche Beschreibung

Gespeichert in:
Bibliographische Detailangaben
1. Verfasser: Slavíčková, Lucie
Weitere Verfasser: Kajfoszová, Dorota
Format: Buchkapitel
Sprache:Tschechisch
Schlagworte:
Tags: Tag hinzufügen
Keine Tags, Fügen Sie das erste Tag hinzu!

MARC

LEADER 00000naa a2200000 4500
001 0268268
005 20221104110449.1
041 0 |a cze 
044 |a CZ 
245 1 0 |a Jak efektivně prodávat finanční produkty v multikanálovém prostředí  |c Lucie Slavíčková, Dorota Kajfoszová 
520 |a Multikanálové prostredie ako príležitosť pre dosiahnutie vyššieho zisku firmy. Využitie analýzy správania a očakávania spotrebiteľov a vzájomného prepojenia daných údajov s rôznymi informačnými kanálmi. Princípy, ktoré napomáhajú danej stratégii. Využitie umelej inteligencie pre efektívne zacielenie ponúk. 
610 2 0 |a služby finančné 
610 2 0 |a zákazníci 
610 2 0 |a technológie nové 
610 2 0 |a analýza dát 
610 2 0 |a inteligencia umelá 
100 1 |a Slavíčková, Lucie 
700 1 |a Kajfoszová, Dorota